Deep Learning (Record no. 355136)

MARC details
000 -LEADER
fixed length control field 00469nam a2200169Ia 4500
008 - FIXED-LENGTH DATA ELEMENTS--GENERAL INFORMATION
fixed length control field 230720s9999 xx 000 0 und d
020 ## - INTERNATIONAL STANDARD BOOK NUMBER
International Standard Book Number 9789352136049
041 ## - LANGUAGE CODE
Language code of text/sound track or separate title eng
082 ## - DEWEY DECIMAL CLASSIFICATION NUMBER
Classification number 006.32
Item number PAT
100 ## - MAIN ENTRY--PERSONAL NAME
Personal name Patterson J.
9 (RLIN) 114454
245 ## - TITLE STATEMENT
Title Deep Learning
Remainder of title A Practitioner's Approach
260 ## - PUBLICATION, DISTRIBUTION, ETC. (IMPRINT)
Date of publication, distribution, etc. 2017
Name of publisher, distributor, etc. SPD/O'Reilly
300 ## - PHYSICAL DESCRIPTION
Extent 507
365 ## - TRADE PRICE
Currency code Rs.
Price amount 2050
700 ## - ADDED ENTRY--PERSONAL NAME
Personal name Patterson J. & Gibson A.
906 ## - LOCAL DATA ELEMENT F, LDF (RLIN)
d O:0791408-Mar-2023B:1195106-Mar-2023
c TE
b 1537.5
Holdings
Withdrawn status Lost status Damaged status Not for loan Home library Current library Date acquired Vendor Budget Code Cost, normal purchase price Bill number Total Checkouts Full call number Barcode Date last seen Date last checked out Discount Cost, replacement price Bill Date Koha item type Original Barcode
        Cummins College of Engineering for Women Pune Cummins College of Engineering for Women Pune 08/03/2023 The Forward Books TE 4612.50 11951 4 006.32 CCEP-BK-64845 23/06/2025 06/05/2025 1537.5 2050.00 06/03/2023 Books 064845